[Event "Stuttgart-chB op"]
[Site "Ditzingen"]
[Date "2015.05.16"]
[Round "6"]
[White "Guenay, Nuri"]
[Black "Steinmassl, Guido"]
[Result "1-0"]
[WhiteElo "1742"]
[BlackElo "1636"]
[PlyCount "77"]
[EventDate "2015.05.17"]
[EventType "swiss"]
[EventRounds "7"]
[EventCountry "GER"]
[SourceTitle "EXT 2018"]
[Source "ChessBase"]
[SourceDate "2017.10.13"]
[SourceVersion "1"]
[SourceVersionDate "2017.10.13"]
[SourceQuality "1"]

1. d4 Nf6 2. c4 e6 3. Nc3 d5 4. Bg5 Be7 5. e3 c6 6. cxd5 exd5 7. Qc2 Nbd7 8. Bd3 Qa5 9. a3 c5 10. Nf3 h6 11. Bh4 c4 12. Be2 g5 13. Bg3 Ne4 14. Nd2 Nxg3 15. hxg3 Nf6 16. e4 Bb4 17. 0-0 Bxc3 18. bxc3 Be6 19. exd5 Nxd5 20. Ne4 Qc7 21. Bxc4 Kf8 22. Nc5 Kg7 23. Nxe6+ fxe6 24. Bxd5 exd5 25. Rac1 Qf7 26. Rfe1 Rhe8 27. Qa4 Rxe1+ 28. Rxe1 a6 29. Qb4 a5 30. Qd6 Re8 31. Rxe8 Qxe8 32. Qxd5 Qe1+ 33. Kh2 Qxc3 34. Qxb7+ Kf6 35. Qb6+ Kg7 36. Qc5 Qxc5 37. dxc5 Kf6 38. Kh3 h5 39. f4 1-0

[Event "Stuttgart-chB int"]
[Site "Ditzingen"]
[Date "2014.05.29"]
[Round "2"]
[White "Guenay, Nuri"]
[Black "Albert, Rafael Edwin"]
[Result "1-0"]
[WhiteElo "1611"]
[BlackElo "1306"]
[PlyCount "79"]
[EventDate "2014.05.29"]
[EventType "swiss"]
[EventRounds "7"]
[EventCountry "GER"]
[SourceTitle "EXT 2015"]
[Source "ChessBase"]
[SourceDate "2014.11.20"]
[SourceVersion "1"]
[SourceVersionDate "2014.11.20"]
[SourceQuality "1"]

1. d4 d5 2. c4 e6 3. Nc3 Nf6 4. cxd5 exd5 5. Bg5 Be7 6. Qc2 h6 7. Bh4 c6 8. e3 Nbd7 9. Bd3 Nb6 10. h3 0-0 11. Nf3 Nfd7 12. Bxe7 Qxe7 13. 0-0 c5 14. Rfe1 c4 15. Bf1 Nf6 16. e4 dxe4 17. Nxe4 Bf5 18. Nxf6+ Qxf6 19. Qc3 Be6 20. Nd2 Rac8 21. Ne4 Qe7 22. Nc5 Rc7 23. Nxe6 fxe6 24. Be2 Qf6 25. Qg3 Rd7 26. Bg4 Re8 27. Rad1 Kf7 28. Re4 Nd5 29. Rde1 Rde7 30. Rc1 b5 31. Bf3 e5 32. Rce1 exd4 33. Rxe7+ Nxe7 34. Qc7 d3 35. Bd5+ Kf8 36. Re6 Qxb2 37. Qf4+ Kg8 38. Rxe7+ Kh7 39. Qf5+ Kh8 40. Rxe8# 1-0